The E-commerce question and answer book : a survival guide for business manager.
| Main Author: | |
|---|---|
| Format: | Book |
| Published: |
New York:
American Management Association (AMACOM,
2000.
|
| Subjects: |
| LEADER | 00471cam a2200145 7i4500 | ||
|---|---|---|---|
| 001 | 0000008690 | ||
| 005 | 20010206090000.0 | ||
| 020 | 0 | 0 | |a 0814405258 |
| 090 | 0 | 0 | |a B 658.800285462 |b ROS |
| 100 | 1 | 0 | |a Rosen |
| 245 | 1 | 0 | |a The E-commerce question and answer book : |b a survival guide for business manager. |
| 260 | 0 | 0 | |a New York: |b American Management Association (AMACOM, |c 2000. |
| 300 | # | # | |a 210 p. |
| 650 | 0 | 0 | |a Electronic commerce |
| 999 | |a B000011900 |b Book |c Book |e Business Information Centre | ||


